Brasil aventura : (Registro nro. 17503)
[ vista simple ]
| 000 -CABECERA | |
|---|---|
| campo de control de longitud fija | 01086cam a2200277 a 4500 |
| 001 - NÚMERO DE CONTROL | |
| campo de control | 000017981 |
| 005 - FECHA Y HORA DE LA ÚLTIMA TRANSACCIÓN | |
| campo de control | 20200929165313.0 |
| 008 - DATOS DE LONGITUD FIJA--INFORMACIÓN GENERAL | |
| campo de control de longitud fija | 970807s1996 bl ab b 000 0 por |
| 020 ## - NÚMERO INTERNACIONAL ESTÁNDAR DEL LIBRO | |
| Número Internacional Estándar del Libro | 8585981032 |
| 040 ## - FUENTE DE LA CATALOGACIÓN | |
| Centro catalogador/agencia de origen | DO-SdBNP |
| Lengua de catalogación | spa |
| Centro/agencia transcriptor | BNPHU |
| 082 ## - NÚMERO DE LA CLASIFICACIÓN DECIMAL DEWEY | |
| Número de clasificación | xxxx |
| Número de documento/Ítem | xxxx |
| 245 00 - MENCIÓN DE TÍTULO | |
| Título | Brasil aventura : |
| Resto del título | ilhas = islands / |
| Mención de responsabilidad, etc. | coordenacao, Ana Augusta Rocha, Roberto Linsker ; [fotografia, Roberto Linsker ... [et al.]. |
| 260 ## - PUBLICACIÓN, DISTRIBUCIÓN, ETC. | |
| Lugar de publicación, distribución, etc. | Sao Paulo, Brasil : |
| Nombre del editor, distribuidor, etc. | Terra Virgem Editora, |
| Fecha de publicación, distribución, etc. | 1996. |
| 300 ## - DESCRIPCIÓN FÍSICA | |
| Extensión | 175 p. : |
| Otras características físicas | il., maps ; |
| Dimensiones | 29 cm. |
| 546 ## - NOTA DE LENGUA/LENGUAJE | |
| Nota de lengua/lenguaje | Portuguese and English. |
| 500 ## - NOTA GENERAL | |
| Nota general | Accompanied by: Brasil aventura : ilhas = islands : guia = guide. |
| 504 ## - NOTA DE BIBLIOGRAFÍA, ETC. | |
| Nota de bibliografía, etc. | Includes bibliographical references (p. 174). |
| 650 #4 - PUNTO DE ACCESO ADICIONAL DE MATERIA--TÉRMINO DE MATERIA | |
| Término de materia o nombre geográfico como elemento de entrada | Islands |
| Subdivisión geográfica | Brazil. |
| 9 (RLIN) | 38978 |
| 650 #4 - PUNTO DE ACCESO ADICIONAL DE MATERIA--TÉRMINO DE MATERIA | |
| Término de materia o nombre geográfico como elemento de entrada | Islands |
| Subdivisión geográfica | Brazil |
| Subdivisión general | Pictorial works. |
| 9 (RLIN) | 38979 |
| 651 #4 - PUNTO DE ACCESO ADICIONAL DE MATERIA--NOMBRE GEOGRÁFICO | |
| Nombre geográfico | Brazil |
| Subdivisión geográfica | Pictorial Works. |
| 9 (RLIN) | 38980 |
| 651 #4 - PUNTO DE ACCESO ADICIONAL DE MATERIA--NOMBRE GEOGRÁFICO | |
| Nombre geográfico | Brazil |
| Subdivisión general | Description And Travel. |
| 9 (RLIN) | 38981 |
| 650 #4 - PUNTO DE ACCESO ADICIONAL DE MATERIA--TÉRMINO DE MATERIA | |
| Término de materia o nombre geográfico como elemento de entrada | Islands |
| Subdivisión geográfica | Brazil |
| Subdivisión general | Guidebooks. |
| 9 (RLIN) | 38982 |
| 651 #4 - PUNTO DE ACCESO ADICIONAL DE MATERIA--NOMBRE GEOGRÁFICO | |
| Nombre geográfico | Brazil |
| Subdivisión general | Guidebooks. |
| 9 (RLIN) | 38983 |
| 700 1# - PUNTO DE ACCESO ADICIONAL--NOMBRE DE PERSONA | |
| Nombre de persona | Rocha, Ana Augusta, |
| Fechas asociadas al nombre | 1961- |
| 9 (RLIN) | 38984 |
| 700 1# - PUNTO DE ACCESO ADICIONAL--NOMBRE DE PERSONA | |
| Nombre de persona | Linsker, Roberto, |
| Fechas asociadas al nombre | 1964- |
| 9 (RLIN) | 38985 |
| Estado de retiro | Estado de pérdida | Restricciones de uso | No para préstamo | Código de colección | Localización permanente | Ubicación/localización actual | Ubicación en estantería | Fecha de adquisición | Número de inventario | Total de préstamos | Signatura topográfica completa | Código de barras | Fecha visto por última vez | Precio válido a partir de | Tipo de ítem Koha |
|---|---|---|---|---|---|---|---|---|---|---|---|---|---|---|---|
| Monografías: Libros y Folletos | General | General | En catalogación | 08.04.2010 | LF1 | xxxx xxxx | 17981-10 | 25.06.2020 | 25.06.2020 | Préstamo en sala |
